Online katalóg knižníc regiónu Turca

Miliardár (Record no. 22843)

MARC details
000 -LEADER
fixed length control field 00998nam a22003253a 4500
001 - CONTROL NUMBER
control field 22843
003 - CONTROL NUMBER IDENTIFIER
control field SK-KTurca
005 - DATE AND TIME OF LATEST TRANSACTION
control field 20260429130913.0
008 - FIXED-LENGTH DATA ELEMENTS--GENERAL INFORMATION
fixed length control field 090316s2009 xo d 000 f slo d
020 ## - INTERNATIONAL STANDARD BOOK NUMBER
International Standard Book Number 9788055120089 (viaz.)
035 ## - SYSTEM CONTROL NUMBER
System control number a000406781
040 ## - CATALOGING SOURCE
Original cataloging agency UKB
Language of cataloging slo
Transcribing agency UKB
Description conventions AACR2
041 1# - LANGUAGE CODE
Language code of text/sound track or separate title slo
Language code of original eng
044 ## - COUNTRY OF PUBLISHING/PRODUCING ENTITY CODE
MARC country code xo
ISO country code SK
072 #7 - SUBJECT CATEGORY CODE
Subject category code 821.111
Subject category code subdivision Anglická literatúra, anglicky písaná
Source konspekt
080 ## - UNIVERSAL DECIMAL CLASSIFICATION NUMBER
Universal Decimal Classification number 821.111(540)-31
Edition identifier 2004
080 ## - UNIVERSAL DECIMAL CLASSIFICATION NUMBER
Universal Decimal Classification number (0:82-31)
Edition identifier 2004
100 1# - MAIN ENTRY--PERSONAL NAME
Personal name Swarup, Vikas
240 10 - UNIFORM TITLE
Uniform title Q & A
Language of a work Slovensky
245 10 - TITLE STATEMENT
Title Miliardár
Remainder of title filmový hit Dannyho Boyla Milionár z chatrče
Statement of responsibility, etc. Vikas Swarup ; [z anglického originálu preložila Marína Gálisová]
250 ## - EDITION STATEMENT
Edition statement 2. vyd.
260 ## - PUBLICATION, DISTRIBUTION, ETC.
Place of publication, distribution, etc. Bratislava
Name of publisher, distributor, etc. Ikar
Date of publication, distribution, etc. 2009
300 ## - PHYSICAL DESCRIPTION
Extent 285 s.
653 ## - INDEX TERM--UNCONTROLLED
Uncontrolled term 821.111(540)-31
653 ## - INDEX TERM--UNCONTROLLED
Uncontrolled term (0:82-31)
655 #7 - INDEX TERM--GENRE/FORM
Genre/form data or focus term indické romány (anglicky)
Source of term UKBPH
700 1# - ADDED ENTRY--PERSONAL NAME
Personal name Gálisová, Marína
Relationship trl
765 0# - ORIGINAL LANGUAGE ENTRY
Title Q & A. Slovensky
Main entry heading Swarup, Vikas
942 ## - ADDED ENTRY ELEMENTS (KOHA)
Source of classification or shelving scheme Dewey Decimal Classification
Koha item type Krásna literatúra pre dospelých
Suppress in OPAC No
Holdings
Stav vyradenia Strata Poškodenie Spôsob nadobudnutia Domovská knižnica Aktuálna knižnica Dátum nadobudnutia Total checkouts Čiarový kód exemplára Date last seen Typ exemplára
      Dar Obecná knižnica Turčianska Štiavnička Obecná knižnica Turčianska Štiavnička 29.04.2026   4738001102 29.04.2026 Krásna literatúra pre dospelých
Projekt je podporený Slovenskou asociáciou knižníc
Prevádzkuje Turčianska knižnica Martin 2026